01103nas a2200277Ia 4500001001600000003001000016008004100026040002500067041001300092100001900105210004300124222004300167245009600210250001100306260000900317501012300326300001600449362003100465500006900496650002500565700001100590942000700601957000600608999003300614952017800647A03/R027-38958 IT-MiCISF161014c99999999xx |||||||||||| ||und|| aIT-MiCISFcIT-MiCISF aITALIANO aOberto Giacomo aIl diritto di famiglia e delle persone aIl diritto di famiglia e delle persone 0aI precedenti storici del principio di libertà contrattuale nelle convenzioni matrimoniali a1a ed. c2003 bCISF - Centro Internazionale Studi Famiglia - Via Giotto, 36 20145 MILANO (non commercial uses only)cCopyright 2016 app. 535-561 an. 2, aprile-giugno [2003] a Tema: matrimonio-civile, rapporti-patrimoniali, diritto, storia amatrimoniovarticolo aAA.VV. cCR 71 a38958bSig1c232741d232741 0010406A_03_000000000000000_R0273895871aCISFbCISFd2016-10-14l0oA03/R027-38958 r2016-10-14 00:00:00w2016-10-14yCRzData import 15.10.2016 / by Epidotti, Vaglietti